Local governance in india / (Record no. 159380)

MARC details
000 -LEADER
fixed length control field 00730nam a22002057a 4500
005 - DATE AND TIME OF LATEST TRANSACTION
control field 20211006111814.0
010 ## - LCCN (DPL NO)
LC control number ENG-124541
020 ## - INTERNATIONAL STANDARD BOOK NUMBER
Terms of availability 325.00
International Standard Book Number 9789352807581
035 ## - SYSTEM CONTROL NUMBER
System control number EN-108073
037 ## - SOURCE OF ACQUISITION
Source of stock number/acquisition DBAD/PUB.
082 ## - DEWEY DECIMAL CLASSIFICATION NUMBER
Classification number 320.80954
100 ## - MAIN ENTRY--PERSONAL NAME
Personal name Chakrabarty, Bidyut
245 ## - TITLE STATEMENT
Title Local governance in india /
Statement of responsibility, etc by Bidyut Chakrabarty
260 ## - PUBLICATION, DISTRIBUTION, ETC. (IMPRINT)
Place of publication, distribution, etc New Delhi
Name of publisher, distributor, etc Sage Publications India Pvt. Ltd.
Date of publication, distribution, etc 201
270 ## - ADDRESS
Address B1/I-1, Mohan Cooperative Industrial Area Mathura Road Post Bag 7
City New Delhi
Postal code 110044
300 ## - PHYSICAL DESCRIPTION
Extent xxix,214p., C-1, B-1, I-1p.
Dimensions 25cm.(pbk)
500 ## - GENERAL NOTE
General note It includes conclusion, bibliographical notes and index
700 ## - ADDED ENTRY--PERSONAL NAME
Personal name Pandey, Rajendra Kumar
942 ## - ADDED ENTRY ELEMENTS (KOHA)
Source of classification or shelving scheme Dewey Decimal Classification
Item type English Books
Call number suffix CHA
Classification part 320.80954
Holdings
Withdrawn status Lost status Not for loan Collection code Home library Current library Date acquired Source of acquisition Cost, normal purchase price Full call number Barcode Copy number Cost, replacement price Koha item type
    Not For Loan Non-fiction D.B.Act.Division Bawana 15/12/2018 DBAD/PUB 325.00 320.80954 CHA EN-108073 1 325.00 English Books

© Delhi Public Library
Hit Counter
free hit counter